Responses for show #655 - Friday, June 12, 1987

Jonathan Fellows game 5.

Contestants

Sue Gouldley, an underwriter from Somers Point, New Jersey

Meg Shreve, an attorney from Bolinas, California

Jonathan Fellows, a legislative assistant originally from Bellevue, Washington (whose 4-day cash winnings total $39,201)

Jeopardy! Round responses

AUSTRALIA
OLD TESTAMENT
"JUNGLE" JIVE
'50s POP
POETRY
DID YOU NOTICE?
    $100 1
bicentennial

Jonathan
    $100 4
Noah

Jonathan
    $100 13
(Sue: What are monkey bars?)

jungle gyms

JonathanSue
    $100 8
Write Myself a Letter

Sue
    $100 23
on his shoulder

Meg
    $100 7
right

Sue
    $200 2
wool

Jonathan
    $200 22
wrestle

Sue
    $200 14
(Jonathan: What is Jungle Book?)

Jungle Jim

JonathanSue
    $200 9
Be-Bop

Sue
    $200 16
Meg and Sue

Jonathan
    $300 3
vacations

Meg
    $300 24
prophets

Jonathan
    $300 15
(Meg: What is The [*] ?)

Blackboard Jungle

Meg
    $500 10
Little Richard

Sue
    $300 17
Sgt. Pepper's Lonely Hearts Club Band

Triple Stumper
    $400 5
oil

Jonathan
    $400 25
Esther

Triple Stumper
    $400 18
(Jonathan: What is jungle rash?)

jungle rot

JonathanSue
    $400 11
Little Anthony and the Imperials

Sue
    $400 20
birds

Triple Stumper
    $500 6
Unknown Southern Land

Meg
    $500 26
Ark of the Covenant

Triple Stumper
    $500 19
jungle juice

Sue
    $500 12
[Applause for Sue's run of the category]

"It's Only Make Believe"

Sue
    $500 21
penny

Jonathan

Scores at the first commercial break (after clue 11):

Jonathan Meg Sue
$800 $800 $1,300

Scores at the end of the Jeopardy! Round:

Jonathan Meg Sue
$1,300 $1,200 $3,000

Double Jeopardy! Round responses

BIOLOGY
WORLD LEADERS
PEN NAMES
SPORTS
NOVEMBER
U.S. CITIES
    $200 20
cartilage

Meg
    $200 18
Kurt Waldheim

Meg
    $200 7
Mark Twain

Jonathan
    $200 1
surfing

Meg
    $200 10
Gemini

Meg
    $200 6
Philadelphia

Sue
    $400 21
dorsal

Jonathan
    $400 22
Margaret Thatcher

Jonathan
    $400 15
(Sue: Who is W.C. Fields?)

Jonathan Swift

JonathanSue
    $400 2
archery

Jonathan
    $400 11
Harry Truman

Sue
    $400 8
Honolulu

Meg
    $600 26
yolks

Jonathan
    $600 23
the Pope

Meg
    $600 19
O. Henry

Sue
    $600 3
Peru

Jonathan
    $600 12
Commissioner of Major League Baseball

Jonathan
    $400 9
(Meg: Uh, what is New York City?)

Los Angeles

Meg
    $800 27
latex

Sue
    $800 24
Kim Il-sung

Meg
    $800 29
Sax Rohmer

Triple Stumper
    $800 4
luge

Meg
    $800 13
Pensacola

Jonathan
    $800 14
San Antonio

Sue
    $1000 28
epidermis

Jonathan
    $1000 25
Brazil

Jonathan
    $1000 30
E. Howard Hunt

Meg
    $500 5
(Meg: What are China and North Korea?)

China and Japan

Meg
    $1000 16
William of Orange (William III)

Jonathan
    $1000 17
Hinckley

Meg

Scores at the end of the Double Jeopardy! Round:

Jonathan Meg Sue
$8,700 $5,700 $5,400

[wagering suggestions for these scores]

Final Jeopardy! Round responses

MOVIE CLASSICS
SueWhat is Hamlet?
$5,000
MegWhat is Wuthering Heights?
$5,700
JonathanWhat is Macbe Hamlet
$2,700
Wuthering Heights

Final scores:

Jonathan Meg Sue
$6,000 $11,400 $400
2nd place: Emerson 25" stereo color TV & Sam Moore wing chair New champion: $11,400 3rd place: Tappan Sure Cook Microwave

Game dynamics:

Coryat scores:

Jonathan Meg Sue
$8,700 $6,600 $5,200
20 R,
2 W
14 R,
2 W
(including 2 DDs)
15 R
(including 1 DD),
2 W

Combined Coryat: $20,500

The J! Archive is created by fans, for fans. The Jeopardy! game show and all elements thereof, including but not limited to copyright and trademark thereto, are the property of Jeopardy Productions, Inc. and are protected under law. This website is not affiliated with, sponsored by, or operated by Jeopardy Productions, Inc. Join the discussion at JBoard.tv.